Leadership : a critical text. (2nd ed.) (Record no. 48976)

MARC details
000 -LEADER
fixed length control field 00755nam a2200205 a 4500
001 - CONTROL NUMBER
control field 17531499
008 - FIXED-LENGTH DATA ELEMENTS--GENERAL INFORMATION
fixed length control field 161117s2013 ||||||||||||||||| || u
010 ## - LIBRARY OF CONGRESS CONTROL NUMBER
LC control number 2012954157
020 ## - INTERNATIONAL STANDARD BOOK NUMBER
International Standard Book Number 9781446269909
050 ## - LIBRARY OF CONGRESS CALL NUMBER
Classification number HD 57.7 Wes
100 ## - MAIN ENTRY--PERSONAL NAME
Personal name Western, Simon
245 10 - TITLE STATEMENT
Title Leadership : a critical text. (2nd ed.)
Statement of responsibility, etc. by Simon Western.
250 ## - EDITION STATEMENT
Edition statement 2nd ed.
260 ## - PUBLICATION, DISTRIBUTION, ETC.
Place of publication, distribution, etc. Los Angeles
Name of publisher, distributor, etc. SAGE Publications
Date of publication, distribution, etc. 2013
300 ## - PHYSICAL DESCRIPTION
Extent xxiv, 360 p. : ill.
350 ## - PRICE (NR) (BK AM CF MU VM SE) [OBSOLETE]
Price 58.00
500 ## - GENERAL NOTE
General note Previous edition: 2008. Includes bibliographical references (pages 331-348) and index.
650 #0 - SUBJECT ADDED ENTRY--TOPICAL TERM
Topical term or geographic name entry element LEADERSHIP
995 ## - RECOMMENDATION 995 [LOCAL, UNIMARC FRANCE]
-- 58.00
-- CBU-MAIN LIBRARY (Kitwe)
-- 1
-- AVAILABLE
-- Nov 17, 2016
-- Main Library Open Access Collection
Holdings
Withdrawn status Lost status Source of classification or shelving scheme Damaged status Not for loan Home library Current library Shelving location Date acquired Total Checkouts Full call number Barcode Date last seen Price effective from Koha item type
          CBU-MAIN LIBRARY, KITWE. CBU-MAIN LIBRARY, KITWE.   11/30/2022   HD 57.7 Wes 747290 11/30/2022 11/30/2022 MONOGRAPH